<?xml version="1.0" encoding="UTF-8"?>
<record
    xmlns:xsi="http://www.w3.org/2001/XMLSchema-instance"
    xsi:schemaLocation="http://www.loc.gov/MARC21/slim http://www.loc.gov/standards/marcxml/schema/MARC21slim.xsd"
    xmlns="http://www.loc.gov/MARC21/slim">

  <leader>00386    a2200109   4500</leader>
  <controlfield tag="001">ART_63407</controlfield>
  <controlfield tag="005">20260410162057.0</controlfield>
  <controlfield tag="008">260409a                                 </controlfield>
  <datafield tag="245" ind1="1" ind2="0">
    <subfield code="a">Efectos y alcance de la aplicaci&#xF3;n del proceso en ausencia (ley 27.784)</subfield>
  </datafield>
  <datafield tag="100" ind1="1" ind2=" ">
    <subfield code="a">Fiumara, Franco M.</subfield>
  </datafield>
  <datafield tag="773" ind1="0" ind2=" ">
    <subfield code="t">Temas de derecho penal y procesal penal</subfield>
    <subfield code="g">- A&#xF1;o 7, N&#xB0; 9/10 (sep./oct. 2025)</subfield>
    <subfield code="w">REV60798</subfield>
  </datafield>
  <datafield tag="999" ind1=" " ind2=" ">
    <subfield code="c">36400</subfield>
    <subfield code="d">36400</subfield>
  </datafield>
</record>
